Normal view
MARC view
- انظمة المعلومات - الالعاب - العاب الاطفال
Entry Topical Term
001 - CONTROL NUMBER
- control field: 58272
003 - CONTROL NUMBER IDENTIFIER
- control field: JO-AjAnu
005 - DATE AND TIME OF LATEST TRANSACTION
- control field: 20230606083533.0
008 - FIXED-LENGTH DATA ELEMENTS
- fixed length control field: 230606|| aca||aabn | a|a d
040 ## - CATALOGING SOURCE
- Original cataloging agency: JO-AjAnu
- Transcribing agency: JO-AjAnu
150 ## - HEADING--TOPICAL TERM
- Topical term or geographic name entry element: انظمة المعلومات - الالعاب - العاب الاطفال
670 ## - SOURCE DATA FOUND
- Source citation: Work cat.: (JO-AjAnu)29727: اعداد محمد عماد مصطفى بني حمد؛ اشراف ياسر الشرع, author 58271, لعبه تفاعليه للاطفال = Cepalsy game